LEADER 01267nam a2200289 i 4500 001 000000144417 003 CaOOAMICUS 005 20051028000000.0 008 051028s1986 it u000 u ita u 013 $a119775 040 $aSeMil$bita 100 1 $aGiotti, Virgilio.$0(OLS)http://semarc/name/57746 245 10$aOpere :$bcolori, altre poesie, prose /$cVirgilio Giotti ; a cura di Rinaldo Derossi, Elvio Guagnini, Bruno Maier ; introduzioni di Mario Fubini [e] Pier Paolo Pasolini. 260 $aTrieste :$bLINT,$c1986. 300 $a519 p. ;$c22 cm. 500 $aFondo Ciprandi. 700 1 $aDerossi, Rinaldo.$0(OLS)http://semarc/name/57747 700 1 $aPasolini, Pier Paolo,$d<1922-1975>.$0(OLS)http://semarc/name/6365 700 1 $aMaier, Bruno,$d<1922-2001>.$0(OLS)http://semarc/name/1152 700 1 $aFubini, Mario,$d<1900-1977>.$0(OLS)http://semarc/name/6306 700 1 $aGuagnini, Elvio.$0(OLS)http://semarc/name/57748 850 $aSeMil 852 $aSeMil$W1$xVenegono$y1$m1O III 12$j97347$B97347$CSeMilBibl$Z2$F105040 $81 941 1 $a1 961 $aOmaggio: Ciprandi dott. Paolo 996 $6245$aOpere :$bcolori, altre poesie, prose$9(OLS)http://semarc/title/211244 996 $6260$aTrieste :$bLINT$9(OLS)http://semarc/publisher/32050 LEADER 01140nam a2200265 i 4500 001 000000098777 003 CaOOAMICUS 005 20180530000000.0 008 180530s2018 it u000 u ita u 013 $a70929 020 $a978-88-315-4983-7 040 $aSeMil$bita 100 1 $aMazzocchi, Luciano,$c.$0(OLS)http://semarc/name/41839 245 10$aPassi :$bdiario di un pellegrino : Vangelo e Zen /$cLuciano Mazzocchi ; prefazione di Jiso Forzani. 260 $aMilano :$bPaoline,$c2018. 300 $a188 p. ;$c21 cm. 490 0 $aSpiritualitą del quotidiano 700 1 $aForzani, Giuseppe Jiso <1949- >.$0(OLS)http://semarc/name/44249 830 0$aSpiritualitą del quotidiano.$0(OLS)http://semarc/title/9505 850 $aSeMil 852 $aSeMil$W1$xVenegono$y1$m3E II 371$j56504$B56504$CSeMilBibl$Z2$F66288 $81 961 $aOmaggio: Delpini mons. Mario 996 $6020$a978-88-315-4983-7$9(OLS)http://semarc/number/272236 996 $6245$aPassi :$bdiario di un pellegrino : Vangelo e Zen$9(OLS)http://semarc/title/406361 996 $6260$aMilano :$bPaoline$9(OLS)http://semarc/publisher/29684